00931nam a2200265 a 4500999001500000001000500015003000900020005001700029008004100046020001500087040002800102082002300130100003000153245010600183250001200289260006500301300003100366500002000397650002000417650003200437651004400469700001900513942001200532952012100544 c1634d16348294BD-DhUAP20200211114854.0200211s19961992ii lb 001 0 eng d a8171180450 aDLCcDLCdBD-DhUAPbEng00a346.540436 MUL223 a Mulla, Dinshah Fardunji.10aMulla on the Indian registration act : bact xvi of 1908 /cDinshah Fardunji Mulla and Dileep Dalal. a9th ed. aBombay :bN. M. Tripathi Pvt. ltd.,cc1992 [Reprinted 1996]. axxxvi, 422 pages ;c24 cm. aIncludes index. aTransfer (Law). aRecording and registration. 2Land titlesxRegistration and transfer.1 aDalal, Dileep. 2ddccBK 00102ddc4070aUAPCLbUAPCLcGeneral Stacksd2020-02-11o346.540436 MULp3010008294r2020-02-11t1w2020-02-11yBK